[Event "4NCL Division 2b"]
[Site "Hinckley Island ENG"]
[Date "2013.11.17"]
[Round "2.51"]
[White "Cooper, John G"]
[Black "Richardson, John R"]
[Result "1/2-1/2"]
[WhiteElo "2331"]
[BlackElo "2335"]
[PlyCount "113"]
[EventDate "2013.11.17"]
[WhiteTeam "South Wales Dragons"]
[BlackTeam "The AD's"]

1. Nf3 d5 2. g3 Nf6 3. Bg2 e6 4. O-O c5 5. b3 Bd6 6. Bb2 Nc6 7. e3 O-O 8. d4 b6
9. c4 Bb7 10. cxd5 exd5 11. Nc3 Be7 12. Ne5 Rc8 13. Ng4 Nb4 14. a3 Nxg4 15.
axb4 cxb4 16. Nb1 Nf6 17. Rxa7 Qc7 18. Nd2 Qb8 19. Ra1 Rc7 20. Qb1 Rfc8 21. Bh3
Rd8 22. Qd3 Bc8 23. Bg2 Be6 24. Rfc1 Rdc8 25. Rxc7 Rxc7 26. e4 Qc8 27. exd5
Bxd5 28. Nc4 Bxg2 29. Kxg2 Qb7+ 30. Qf3 Nd5 31. Re1 f6 32. Ne3 Nxe3+ 33. Rxe3
Qxf3+ 34. Kxf3 Kf7 35. Re2 Bd6 36. d5 Rc5 37. Ke4 b5 38. Kd4 Rc7 39. Kd3 Rc5
40. Kd4 Rc7 41. f4 Bc5+ 42. Ke4 Ke7 43. Rc2 Kd6 44. Be5+ fxe5 45. fxe5+ Kd7 46.
d6 Bxd6 47. Rd2 Rc6 48. Rd5 Rc3 49. Rxd6+ Ke7 50. Rb6 Rxb3 51. Rxb5 Rb1 52.
Rb7+ Ke6 53. Rxg7 b3 54. Kd3 Rh1 55. Rb7 Rxh2 56. Rxb3 Kxe5 57. Rb5+ 1/2-1/2

[Event "4NCL Division 2b"]
[Site "Hinckley Island ENG"]
[Date "2013.11.17"]
[Round "2.52"]
[White "Wheeler, Darren P"]
[Black "Dineley, Richard DP"]
[Result "1/2-1/2"]
[WhiteElo "2282"]
[BlackElo "2248"]
[PlyCount "36"]
[EventDate "2013.11.17"]
[WhiteTeam "The AD's"]
[BlackTeam "South Wales Dragons"]

1. e4 c5 2. f4 d5 3. Nc3 dxe4 4. Nxe4 e6 5. Nf3 Nc6 6. Bc4 Nf6 7. Qe2 Be7 8. c3
O-O 9. O-O b6 10. Ng3 g6 11. Ne5 Bb7 12. Bxe6 Nxe5 13. fxe5 fxe6 14. exf6 Rxf6
15. Rxf6 Bxf6 16. Qxe6+ Kg7 17. Ne4 Qe7 18. Qxf6+ Qxf6 1/2-1/2

[Event "4NCL Division 2b"]
[Site "Hinckley Island ENG"]
[Date "2013.11.17"]
[Round "2.53"]
[White "Zeidler, Sven P"]
[Black "Snape, Ian L"]
[Result "0-1"]
[WhiteElo "2244"]
[BlackElo "2218"]
[PlyCount "58"]
[EventDate "2013.11.17"]
[WhiteTeam "South Wales Dragons"]
[BlackTeam "The AD's"]

1. e4 c5 2. f4 d5 3. exd5 Qxd5 4. Nc3 Qd8 5. Nf3 Nc6 6. Bc4 e6 7. Qe2 Nge7 8.
Ne4 Nf5 9. c3 Be7 10. O-O O-O 11. g4 Nd6 12. Bd3 b6 13. Nfg5 g6 14. Nxd6 Qxd6
15. Ne4 Qc7 16. g5 Bb7 17. Qe3 f5 18. gxf6 Bxf6 19. Ng5 Nd4 20. Be4 Bxg5 21.
Bxb7 Rxf4 22. Rxf4 Bxf4 23. Qh3 Qxb7 24. cxd4 Qe4 25. dxc5 Rf8 26. d3 Qe1+ 27.
Kg2 Bxc1 28. Rxc1 Rf2+ 29. Kg3 Qe3+ 0-1

[Event "4NCL Division 2b"]
[Site "Hinckley Island ENG"]
[Date "2013.11.17"]
[Round "2.54"]
[White "Besedin, Pavel"]
[Black "Redmond, John P"]
[Result "0-1"]
[WhiteElo "2131"]
[BlackElo "2237"]
[PlyCount "38"]
[EventDate "2013.11.17"]
[WhiteTeam "The AD's"]
[BlackTeam "South Wales Dragons"]

1. e4 e6 2. d4 d5 3. Nc3 Nc6 4. Nf3 Nf6 5. e5 Ne4 6. Bb5 Bb4 7. Qd3 Bd7 8. Qe3
Nxe5 9. Nxe5 Bxb5 10. Bd2 Nxd2 11. Kxd2 O-O 12. h4 c5 13. a3 cxd4 14. Qxd4
Bxc3+ 15. Qxc3 Rc8 16. Qd4 f6 17. Nf3 e5 18. Qxa7 Qc7 19. c3 d4 0-1

[Event "4NCL Division 2b"]
[Site "Hinckley Island ENG"]
[Date "2013.11.17"]
[Round "2.55"]
[White "Morris, Charles F"]
[Black "Swindells, Jonathan E"]
[Result "1/2-1/2"]
[WhiteElo "2156"]
[BlackElo "2142"]
[PlyCount "138"]
[EventDate "2013.11.17"]
[WhiteTeam "South Wales Dragons"]
[BlackTeam "The AD's"]

1. c4 g6 2. g3 Bg7 3. Bg2 Nf6 4. Nc3 O-O 5. e4 d6 6. Nge2 c5 7. O-O Nc6 8. d3
Bg4 9. h3 Bxe2 10. Nxe2 Ne8 11. Be3 Qc8 12. Qd2 Nc7 13. Bh6 Ne6 14. Bxg7 Kxg7
15. f4 Ned4 16. Nc3 e6 17. Rae1 f6 18. h4 h6 19. g4 e5 20. f5 g5 21. Re3 Qd7
22. Rh3 Ne7 23. Kf2 Rh8 24. Rfh1 Rag8 25. Bf3 a6 26. Bd1 b5 27. Qe3 Qe8 28. Qg3
Qb8 29. b3 b4 30. Nb1 Nec6 31. Qh2 Qe8 32. Nd2 Nd8 33. Nf1 Nf7 34. Ng3 Qd8 35.
Ke3 Qe7 36. Kd2 Kf8 37. Kc1 Ke8 38. hxg5 Rxg5 39. Nf1 Qf8 40. Ne3 Qg7 41. a3
Nc6 42. Qa2 a5 43. axb4 cxb4 44. Qa4 Nfd8 45. Nd5 Qf8 46. Qb5 Kf7 47. Nc7 Kg7
48. Qd5 Qe7 49. Nb5 Qd7 50. Nxd6 Ne7 51. Qc5 Qc6 52. Qxc6 Ndxc6 53. Nb7 Ng8 54.
R1h2 Kf7 55. Kb1 Rg7 56. Ra2 Kf8 57. Nxa5 Nd4 58. c5 Rc7 59. c6 Nb5 60. Kc2 Nc3
61. Ra1 Ra7 62. Bf3 Ne7 63. Rhh1 Kg7 64. Nc4 Rha8 65. Rxa7 Rxa7 66. c7 Rxc7 67.
Ra1 Nc6 68. Kd2 Nd4 69. Bd1 Nxd1 1/2-1/2

[Event "4NCL Division 2b"]
[Site "Hinckley Island ENG"]
[Date "2013.11.17"]
[Round "2.56"]
[White "Anderton, David W"]
[Black "James, David J"]
[Result "1/2-1/2"]
[WhiteElo "2180"]
[BlackElo "2168"]
[PlyCount "83"]
[EventDate "2013.11.17"]
[WhiteTeam "The AD's"]
[BlackTeam "South Wales Dragons"]

1. d4 Nf6 2. c4 e6 3. Nc3 Bb4 4. Qc2 c5 5. dxc5 Bxc5 6. Nf3 Qb6 7. e3 Qc7 8. g4
h6 9. Rg1 b6 10. Bd2 Bb7 11. Be2 a6 12. O-O-O Nc6 13. a3 Be7 14. h4 Na5 15. g5
hxg5 16. hxg5 Ng8 17. Rg4 Rc8 18. Nd4 Nc6 19. Nxc6 Bxc6 20. Kb1 Bf8 21. Rc1 Ne7
22. Nb5 Qb8 23. Nd4 Ng6 24. f4 Rh2 25. Nxc6 Rxc6 26. Qd1 b5 27. cxb5 Rxc1+ 28.
Bxc1 axb5 29. Bd3 Qb7 30. Rg1 Ne7 31. Qb3 b4 32. Qxb4 Qxb4 33. axb4 Nd5 34. b5
Bc5 35. Re1 Kd8 36. e4 Nb4 37. Bc4 Nc2 38. Re2 Rxe2 39. Bxe2 Nd4 40. Bc4 Kc7
41. Be3 f6 42. gxf6 1/2-1/2

[Event "4NCL Division 2b"]
[Site "Hinckley Island ENG"]
[Date "2013.11.17"]
[Round "2.57"]
[White "Smith, Jeff R"]
[Black "Bellin, Jana M"]
[Result "1/2-1/2"]
[WhiteElo "2131"]
[BlackElo "2086"]
[PlyCount "29"]
[EventDate "2013.11.17"]
[WhiteTeam "South Wales Dragons"]
[BlackTeam "The AD's"]

1. e4 c6 2. d4 d5 3. e5 Bf5 4. Nc3 e6 5. g4 Bg6 6. Nge2 a6 7. h4 h6 8. h5 Bh7
9. Be3 Ne7 10. Qd2 c5 11. f4 Nec6 12. Bg2 cxd4 13. Nxd4 Nxd4 14. Bxd4 Nc6 15.
O-O-O 1/2-1/2

[Event "4NCL Division 2b"]
[Site "Hinckley Island ENG"]
[Date "2013.11.17"]
[Round "2.62"]
[White "Shaw, Peter"]
[Black "Holland, James P"]
[Result "1/2-1/2"]
[WhiteElo "2161"]
[BlackElo "2252"]
[PlyCount "40"]
[EventDate "2013.11.17"]
[WhiteTeam "White Rose 2"]
[BlackTeam "BCM Dragons (1)"]

1. d4 Nf6 2. c4 e6 3. Nc3 d5 4. Bg5 Nbd7 5. e3 h6 6. Bh4 c6 7. Nf3 g5 8. Bg3
Nh5 9. cxd5 exd5 10. Bd3 Nxg3 11. hxg3 Bg7 12. Qc2 Nf6 13. b4 Qe7 14. Rb1 Bd7
15. b5 c5 16. dxc5 Qxc5 17. O-O O-O 18. Qb3 Be6 19. Nd4 Rac8 20. Rbc1 Qb6
1/2-1/2

[Event "4NCL Division 2b"]
[Site "Hinckley Island ENG"]
[Date "2013.11.17"]
[Round "2.62"]
[White "Cooksey, Paul S"]
[Black "Adams, David M"]
[Result "1/2-1/2"]
[WhiteElo "2306"]
[BlackElo "2222"]
[PlyCount "59"]
[EventDate "2013.11.17"]
[WhiteTeam "BCM Dragons (1)"]
[BlackTeam "White Rose 2"]

1. c4 c5 2. Nf3 Nc6 3. Nc3 g6 4. e3 Bg7 5. d4 cxd4 6. exd4 d6 7. d5 Ne5 8. Nxe5
Bxe5 9. Be2 Bg7 10. O-O Nf6 11. Be3 O-O 12. Bd4 Nd7 13. Bxg7 Kxg7 14. Qd4+ Kg8
15. Rfe1 Qb6 16. Qxb6 Nxb6 17. Bf1 e5 18. dxe6 Bxe6 19. b3 d5 20. c5 Rfc8 21.
b4 Nc4 22. Rad1 Rd8 23. Nb5 a5 24. a3 Rd7 25. Nd4 Nxa3 26. b5 Rc7 27. Rc1 Nc4
28. Bxc4 dxc4 29. Nxe6 fxe6 30. Rxc4 1/2-1/2

[Event "4NCL Division 2b"]
[Site "Hinckley Island ENG"]
[Date "2013.11.17"]
[Round "2.63"]
[White "Burnett, Jim"]
[Black "Hansen, Hans-Peter"]
[Result "1-0"]
[WhiteElo "2124"]
[BlackElo "2238"]
[PlyCount "95"]
[EventDate "2013.11.17"]
[WhiteTeam "White Rose 2"]
[BlackTeam "BCM Dragons (1)"]

1. d4 Nf6 2. c4 c5 3. Nf3 cxd4 4. Nxd4 b6 5. Nc3 Bb7 6. Bg5 a6 7. Qc2 d6 8. e4
Nbd7 9. Be2 e6 10. O-O Be7 11. Rac1 O-O 12. Qb1 Re8 13. Be3 Qc7 14. Rfd1 Rac8
15. b3 Qb8 16. f3 Bf8 17. Bf2 Be7 18. Qb2 Bd8 19. Qd2 Bc7 20. g3 Rcd8 21. Nc2
Ne5 22. Ne3 h5 23. Qc2 Bc6 24. b4 Rc8 25. Qb3 b5 26. a4 bxc4 27. Nxc4 Nxc4 28.
Bxc4 Bb6 29. b5 Bxf2+ 30. Kxf2 axb5 31. axb5 Qb6+ 32. Kg2 Ba8 33. Na4 Qb8 34.
b6 Bc6 35. Bb5 Bxb5 36. Qxb5 Rxc1 37. Rxc1 Re7 38. Rc6 Kh7 39. Qd3 e5 40. Rxd6
Qc8 41. Nb2 Rd7 42. Nc4 Rxd6 43. Nxd6 Qd8 44. b7 Qc7 45. Qb3 Nd7 46. Nxf7 Nb8
47. Ng5+ Kg6 48. Qe6+ 1-0

[Event "4NCL Division 2b"]
[Site "Hinckley Island ENG"]
[Date "2013.11.17"]
[Round "2.64"]
[White "Thompson, Ian D"]
[Black "O'Driscoll, Kieran"]
[Result "1-0"]
[WhiteElo "2234"]
[BlackElo "2114"]
[PlyCount "109"]
[EventDate "2013.11.17"]
[WhiteTeam "BCM Dragons (1)"]
[BlackTeam "White Rose 2"]

1. c4 e5 2. g3 Nf6 3. Bg2 d5 4. cxd5 Nxd5 5. Nf3 Nc6 6. O-O Nb6 7. d3 Be7 8.
Nbd2 O-O 9. a3 a5 10. b3 Re8 11. Bb2 Bf8 12. Rc1 f6 13. Qc2 Be6 14. e3 Qd7 15.
Rfd1 Qf7 16. Nc4 Rad8 17. Qb1 Nxc4 18. bxc4 e4 19. dxe4 Bxc4 20. e5 Rxd1+ 21.
Rxd1 Nxe5 22. Bxe5 fxe5 23. Qxb7 h6 24. Qb2 Bd6 25. Nd2 Bd5 26. Ne4 Bxe4 27.
Bxe4 Qf8 28. Qb5 Rb8 29. Qxa5 Rb2 30. Rd2 Rxd2 31. Qxd2 Bxa3 32. Qd5+ Kh8 33.
Qxe5 Bd6 34. Qh5 g5 35. h4 Qf6 36. hxg5 Qxg5 37. Qf7 Qe7 38. Qg6 Qg7 39. Qf5
Kg8 40. Kg2 Kh8 41. f4 Kg8 42. Bd5+ Kh8 43. e4 Qb2+ 44. Kh3 Qg7 45. e5 Bc5 46.
Qe6 Bf8 47. f5 Qg5 48. Qf7 Bb4 49. Qe8+ Kh7 50. Be4 Qg8 51. f6+ Kh8 52. Qxg8+
Kxg8 53. e6 Bc3 54. e7 Kf7 55. Bc6 1-0

[Event "4NCL Division 2b"]
[Site "Hinckley Island ENG"]
[Date "2013.11.17"]
[Round "2.65"]
[White "Weller, Pierre"]
[Black "Frostick, Clive A"]
[Result "0-1"]
[WhiteElo "2129"]
[BlackElo "2178"]
[PlyCount "74"]
[EventDate "2013.11.17"]
[WhiteTeam "White Rose 2"]
[BlackTeam "BCM Dragons (1)"]

1. d4 d5 2. c4 dxc4 3. e3 e6 4. Bxc4 Nf6 5. Nf3 c5 6. O-O a6 7. Bb3 Nc6 8. Qe2
cxd4 9. Rd1 d3 10. Rxd3 Qc7 11. e4 Bc5 12. h3 h6 13. e5 Nd7 14. Bf4 Be7 15. Rc3
Nc5 16. Bc2 Qb6 17. Bb3 Nxb3 18. Rxb3 Qa7 19. Nbd2 Nb4 20. Be3 b6 21. Nc4 Rb8
22. Nxb6 Rxb6 23. Bxb6 Qxb6 24. a3 O-O 25. axb4 Bb7 26. b5 a5 27. Rc1 Bd5 28.
Rbc3 Rb8 29. Rc7 Bb4 30. Qd3 g6 31. Rc8+ Kg7 32. Rxb8 Qxb8 33. Qe2 Qb6 34. Ne1
Qd4 35. Kh2 Qf4+ 36. g3 Qxc1 37. Nd3 Qh1# 0-1

[Event "4NCL Division 2b"]
[Site "Hinckley Island ENG"]
[Date "2013.11.17"]
[Round "2.66"]
[White "Tavares, Shawn P"]
[Black "Lewyk, Ihor"]
[Result "1-0"]
[WhiteElo "2143"]
[BlackElo "2070"]
[PlyCount "87"]
[EventDate "2013.11.17"]
[WhiteTeam "BCM Dragons (1)"]
[BlackTeam "White Rose 2"]

1. d4 Nf6 2. c4 c5 3. d5 e5 4. Nc3 d6 5. e4 Be7 6. Bd3 O-O 7. Nge2 Ne8 8. Qc2
Bg5 9. Ng3 g6 10. Bxg5 Qxg5 11. h4 Qe7 12. O-O-O h5 13. Qd2 Kg7 14. Rdf1 Nd7
15. Nd1 a6 16. Ne3 Kh7 17. Kb1 Ng7 18. Qe2 Nf6 19. f4 exf4 20. Rxf4 Ng4 21.
Nxg4 Bxg4 22. Rxg4 hxg4 23. Qxg4 Qe5 24. h5 g5 25. h6 Ne8 26. Nf5 Nf6 27. Qxg5
Rg8 28. Qd2 b5 29. Nxd6 Ra7 30. cxb5 axb5 31. Nxb5 Rd7 32. Qc3 Ng4 33. Qxc5 Qg3
34. Bc2 Ne5 35. a4 Qxg2 36. Rh5 Qf1+ 37. Ka2 Rg1 38. Qc3 f6 39. Rf5 Qa1+ 40.
Kb3 Rf1 41. Qh3 Nc4 42. Rxf1 Qxb2+ 43. Kxc4 Qxc2+ 44. Kd4 1-0

[Event "4NCL Division 2b"]
[Site "Hinckley Island ENG"]
[Date "2013.11.17"]
[Round "2.68"]
[White "Claridge-Hansen, William"]
[Black "Kirby, Peter J"]
[Result "1/2-1/2"]
[WhiteElo "1888"]
[BlackElo "1982"]
[PlyCount "49"]
[EventDate "2013.11.17"]
[WhiteTeam "BCM Dragons (1)"]
[BlackTeam "White Rose 2"]

1. c4 c5 2. g3 g6 3. Bg2 Bg7 4. Nc3 Nc6 5. Nf3 e6 6. d3 Nge7 7. O-O O-O 8. Bg5
h6 9. Bd2 d5 10. Qc1 Kh7 11. Qc2 b6 12. a3 a5 13. Rab1 Ba6 14. Rfd1 Rc8 15. Qa4
Qc7 16. Nb5 Bxb5 17. Qxb5 Rfd8 18. Bc3 dxc4 19. Bxg7 Kxg7 20. dxc4 Nd4 21. Nxd4
cxd4 22. Rbc1 Qc5 23. Qa4 Nf5 24. b4 axb4 25. axb4 1/2-1/2

[Event "4NCL Division 2b"]
[Site "Hinckley Island ENG"]
[Date "2013.11.17"]
[Round "2.71"]
[White "Cenal Gutierrez, Ruben"]
[Black "Hackner, Oskar A"]
[Result "0-1"]
[WhiteElo "2236"]
[BlackElo "2094"]
[PlyCount "98"]
[EventDate "2013.11.17"]
[WhiteTeam "Hackney"]
[BlackTeam "Bradford DCA Knights A"]

1. d4 Nf6 2. Nf3 e6 3. Bf4 c5 4. e3 b6 5. c3 Be7 6. h3 O-O 7. Nbd2 d5 8. Ne5
Bb7 9. Bd3 Nbd7 10. Ndf3 a5 11. O-O Nxe5 12. Nxe5 Ba6 13. Bxa6 Rxa6 14. Qe2 Ra8
15. Qb5 Bd6 16. Nc6 Qc7 17. Bxd6 Qxd6 18. Ne5 a4 19. Rfd1 Rfc8 20. Qe2 a3 21.
Nd3 Ne4 22. f3 Ng3 23. Qf2 axb2 24. Qxb2 Nf5 25. Qf2 Ra3 26. e4 Ne7 27. exd5
Nxd5 28. dxc5 bxc5 29. c4 Nc3 30. Rd2 Qd4 31. Qxd4 cxd4 32. c5 f6 33. f4 Ne4
34. Rdd1 g5 35. fxg5 Nxg5 36. Rac1 e5 37. Nb4 Ne4 38. Nd5 Kf7 39. c6 Ke6 40.
Nb6 Rc7 41. Rc4 Ra6 42. Rb4 Rxc6 43. Nc4 Nc3 44. Re1 Nxa2 45. Nxe5 fxe5 46.
Rxd4 Rc1 47. Rxc1 exd4 48. Rc7 h6 49. Rh7 Kd5 0-1

[Event "4NCL Division 2b"]
[Site "Hinckley Island ENG"]
[Date "2013.11.17"]
[Round "2.72"]
[White "Lang, Adam R"]
[Black "Eames, Robert S"]
[Result "1-0"]
[WhiteElo "2151"]
[BlackElo "2209"]
[PlyCount "89"]
[EventDate "2013.11.17"]
[WhiteTeam "Bradford DCA Knights A"]
[BlackTeam "Hackney"]

1. e4 c5 2. Nf3 d6 3. d4 cxd4 4. Nxd4 Nf6 5. Nc3 a6 6. Bg5 e6 7. f4 Qc7 8. Qf3
b5 9. O-O-O b4 10. Bxf6 gxf6 11. Nd5 exd5 12. exd5 Qc5 13. Qh5 Ra7 14. Bd3 Kd8
15. Bf5 Bxf5 16. Nxf5 Rc7 17. Rd2 Kc8 18. Re1 Kb7 19. Kb1 a5 20. g3 a4 21. Re4
Na6 22. Qe2 a3 23. Rdd4 Ka7 24. Rd3 axb2 25. a4 Qa5 26. Ree3 Nc5 27. Kxb2 Nxa4+
28. Kc1 Nc3 29. Qf3 Qa1+ 30. Kd2 Nb1+ 31. Ke1 Na3+ 32. Kf2 Rxc2+ 33. Re2 Rc1
34. Qe3+ Kb7 35. Rb3 Nc2 36. Qd2 Rf1+ 37. Kg2 Rg1+ 38. Kh3 Rc1 39. Qd3 Qa5 40.
Rxc2 Rxc2 41. Qxc2 Qc5 42. Qe4 h5 43. Rxb4+ Ka6 44. Qd3+ Ka5 45. Qa3# 1-0

[Event "4NCL Division 2b"]
[Site "Hinckley Island ENG"]
[Date "2013.11.17"]
[Round "2.73"]
[White "Malhotra, Tarun"]
[Black "Jones, Steven A"]
[Result "1/2-1/2"]
[WhiteElo "1990"]
[BlackElo "2054"]
[PlyCount "74"]
[EventDate "2013.11.17"]
[WhiteTeam "Hackney"]
[BlackTeam "Bradford DCA Knights A"]

1. e4 c5 2. Nf3 Nc6 3. d4 cxd4 4. Nxd4 e5 5. Nb5 d6 6. N1c3 Nf6 7. Bg5 a6 8.
Na3 b5 9. Nd5 Be7 10. Bxf6 Bxf6 11. c4 Ne7 12. Be2 Qa5+ 13. Qd2 Qxd2+ 14. Kxd2
Nxd5 15. cxd5 Bg5+ 16. Kd3 f5 17. f3 O-O 18. Rhf1 Rb8 19. b4 Bd7 20. Nc2 Rbc8
21. Ne3 Bxe3 22. Kxe3 fxe4 23. fxe4 Rxf1 24. Rxf1 Rc2 25. Ra1 Be8 26. Kd3 Rc4
27. a3 Bg6 28. Bf3 Kf8 29. Rb1 Ke7 30. Rb3 Kf6 31. Rc3 Rxc3+ 32. Kxc3 Kg5 33.
g3 Bh5 34. h4+ Kh6 35. g4 Be8 36. Kd3 g5 37. h5 Kg7 1/2-1/2

[Event "4NCL Division 2b"]
[Site "Hinckley Island ENG"]
[Date "2013.11.17"]
[Round "2.74"]
[White "Molofej, Denis"]
[Black "Walker, Nicholas P"]
[Result "1/2-1/2"]
[WhiteElo "2050"]
[BlackElo "2162"]
[PlyCount "93"]
[EventDate "2013.11.17"]
[WhiteTeam "Bradford DCA Knights A"]
[BlackTeam "Hackney"]

1. e4 c5 2. c3 d5 3. exd5 Qxd5 4. d4 Nc6 5. dxc5 Qxd1+ 6. Kxd1 e5 7. b4 Bg4+ 8.
f3 O-O-O+ 9. Ke1 Be6 10. Nd2 Nf6 11. Bc4 Nd5 12. Bxd5 Bxd5 13. Bb2 f5 14. Ne2
Be7 15. a3 Bg5 16. Rd1 Rhe8 17. h4 Bh6 18. Rh3 Be6 19. Bc1 e4 20. f4 Rd3 21.
Nf1 Bc4 22. Be3 g6 23. Nd2 Red8 24. Rc1 Rxe3 25. Rxe3 Bxe2 26. Rxe2 Bxf4 27.
Rb1 Ne5 28. Nb3 Bg3+ 29. Kf1 Bxh4 30. Nd4 Nc4 31. b5 Bf6 32. Rb4 Ne5 33. Ra4
Kb8 34. c6 bxc6 35. bxc6 Rxd4 36. Rxd4 Kc7 37. Ra4 Nxc6 38. g4 Kb6 39. gxf5
gxf5 40. c4 a5 41. Rh2 e3 42. Rxh7 Bc3 43. Rh3 Bd2 44. Ke2 Nd4+ 45. Kd3 Nb3 46.
Rh6+ Kc7 47. Rxa5 1/2-1/2

[Event "4NCL Division 2b"]
[Site "Hinckley Island ENG"]
[Date "2013.11.17"]
[Round "2.76"]
[White "Drabble, Andrew"]
[Black "Bowmer, Kevin"]
[Result "1/2-1/2"]
[WhiteElo "2089"]
[BlackElo "2079"]
[PlyCount "74"]
[EventDate "2013.11.17"]
[WhiteTeam "Bradford DCA Knights A"]
[BlackTeam "Hackney"]

1. d4 Nf6 2. Nf3 g6 3. g3 Bg7 4. Bg2 O-O 5. O-O d6 6. a4 Nbd7 7. a5 e5 8. c4
Re8 9. Nc3 c6 10. dxe5 dxe5 11. h3 Qc7 12. Be3 Bf8 13. Qc2 Nc5 14. b4 Bf5 15.
Qb2 Na6 16. b5 Nc5 17. Nd2 Be6 18. Rfc1 h6 19. Na4 Nfd7 20. Nb3 Nxa4 21. Rxa4
a6 22. b6 Qd8 23. Rd1 Qe7 24. Qc3 Rad8 25. Raa1 Kh7 26. Kh2 Qb4 27. Rac1 Be7
28. Bf3 Qxc3 29. Rxc3 f5 30. Bg2 Bf7 31. Rcd3 Be6 32. Nc5 Nxc5 33. Rxd8 Rxd8
34. Rxd8 Bxd8 35. Bxc5 e4 36. f3 exf3 37. Bxf3 Bc8 1/2-1/2

[Event "4NCL Division 2b"]
[Site "Hinckley Island ENG"]
[Date "2013.11.17"]
[Round "2.78"]
[White "Bak, Andrew"]
[Black "Chin, Francis CW"]
[Result "1-0"]
[WhiteElo "2064"]
[BlackElo "2152"]
[PlyCount "51"]
[EventDate "2013.11.17"]
[WhiteTeam "Bradford DCA Knights A"]
[BlackTeam "Hackney"]

1. e4 e6 2. d4 d5 3. Nc3 Bb4 4. e5 c5 5. a3 Bxc3+ 6. bxc3 Qc7 7. Qg4 f5 8. Qg3
cxd4 9. cxd4 Ne7 10. c3 O-O 11. Ne2 b6 12. h4 Ba6 13. Nf4 Qd7 14. Bxa6 Nxa6 15.
O-O Rac8 16. Bd2 Rc6 17. Rfe1 Rfc8 18. Re3 Nc7 19. h5 Ne8 20. Qg5 Kh8 21. Rf3
Ng8 22. g4 fxg4 23. Qxg4 Nh6 24. Ng6+ hxg6 25. Rf8+ Ng8 26. hxg6 1-0

[Event "4NCL Division 2b"]
[Site "Hinckley Island ENG"]
[Date "2013.11.17"]
[Round "2.81"]
[White "Mordue, A Tyson"]
[Black "Sands, David A"]
[Result "1/2-1/2"]
[WhiteElo "2208"]
[BlackElo "2243"]
[PlyCount "74"]
[EventDate "2013.11.17"]
[WhiteTeam "Brown Jack"]
[BlackTeam "Barbican 4NCL Youth"]

1. e4 c5 2. Nf3 e6 3. d4 cxd4 4. Nxd4 Nc6 5. Nc3 Qc7 6. g3 a6 7. Bg2 Nf6 8. O-O
Nxd4 9. Qxd4 Bc5 10. Bf4 d6 11. Qd2 h6 12. Rad1 e5 13. Be3 Be6 14. Bxc5 dxc5
15. Nd5 Bxd5 16. exd5 Qd6 17. f4 O-O 18. c4 exf4 19. Rxf4 Rad8 20. Rdf1 Ne8 21.
Qc3 Qc7 22. Be4 Nd6 23. Bc2 Qd7 24. Qd3 f5 25. Qc3 g5 26. R4f2 b6 27. Re1 Rde8
28. Rfe2 Rxe2 29. Rxe2 Re8 30. Re5 Rxe5 31. Qxe5 Nxc4 32. Qf6 Qe8 33. Bxf5 Qe1+
34. Kg2 Qe2+ 35. Kg1 Qe1+ 36. Kg2 Qe2+ 37. Kg1 Qe1+ 1/2-1/2

[Event "4NCL Division 2b"]
[Site "Hinckley Island ENG"]
[Date "2013.11.17"]
[Round "2.82"]
[White "Coleman, David J"]
[Black "Martin, Lewis"]
[Result "1/2-1/2"]
[WhiteElo "2264"]
[BlackElo "2027"]
[PlyCount "58"]
[EventDate "2013.11.17"]
[WhiteTeam "Barbican 4NCL Youth"]
[BlackTeam "Brown Jack"]

1. e4 Nf6 2. e5 Nd5 3. c4 Nb6 4. d4 d6 5. f4 dxe5 6. fxe5 Nc6 7. Be3 Bf5 8. Nf3
e6 9. a3 Be7 10. Be2 O-O 11. b4 a6 12. Nbd2 Qd7 13. O-O Rad8 14. Qb3 f6 15.
Rad1 fxe5 16. dxe5 Qe8 17. Bxb6 cxb6 18. Qe3 a5 19. Qxb6 axb4 20. axb4 Bxb4 21.
Qe3 Qe7 22. Ne4 Bg4 23. Nd4 Rxf1+ 24. Rxf1 Rxd4 25. Bxg4 Rxc4 26. Kh1 Nxe5 27.
Be2 Bc5 28. Qf4 Rxe4 29. Qxe4 Ng6 1/2-1/2

[Event "4NCL Division 2b"]
[Site "Hinckley Island ENG"]
[Date "2013.11.17"]
[Round "2.83"]
[White "Padilla Cabero, Pablo"]
[Black "Berry, Neil"]
[Result "1-0"]
[WhiteElo "2144"]
[BlackElo "2254"]
[PlyCount "97"]
[EventDate "2013.11.17"]
[WhiteTeam "Brown Jack"]
[BlackTeam "Barbican 4NCL Youth"]

1. e4 e5 2. Nc3 Nf6 3. d4 d6 4. f4 exd4 5. Qxd4 Nc6 6. Bb5 Bd7 7. Qe3 g6 8. Bd2
Bg7 9. Nf3 O-O 10. O-O-O a6 11. Ba4 Re8 12. Bb3 Na5 13. Rhe1 c5 14. Qd3 b5 15.
Bd5 c4 16. Qf1 Rb8 17. e5 b4 18. exf6 bxc3 19. Bxf7+ Kxf7 20. Ng5+ Kg8 21. f7+
Kh8 22. fxe8=Q+ Bxe8 23. Bxc3 Bxc3 24. bxc3 Qb6 25. Qg1 Qb2+ 26. Kd2 Ba4 27.
Qd4+ Kg8 28. Qd5+ Kh8 29. Rc1 Qb6 30. Qd4+ Qxd4+ 31. cxd4 Nc6 32. Kc3 Nb4 33.
Kxc4 Nxa2 34. Rb1 Rc8+ 35. Kd5 Nc3+ 36. Kxd6 Nxb1 37. Rxb1 Bxc2 38. Rb7 h5 39.
Ra7 Bd3 40. Nf7+ Kg8 41. d5 Be4 42. g3 Bg2 43. Ke6 h4 44. Ne5 hxg3 45. hxg3 Be4
46. d6 Bf5+ 47. Ke7 Rc3 48. g4 Bc8 49. Kf6 1-0

[Event "4NCL Division 2b"]
[Site "Hinckley Island ENG"]
[Date "2013.11.17"]
[Round "2.85"]
[White "Girdlestone, Paul C"]
[Black "Moss, Guy"]
[Result "1/2-1/2"]
[WhiteElo "2126"]
[BlackElo "2016"]
[PlyCount "49"]
[EventDate "2013.11.17"]
[WhiteTeam "Brown Jack"]
[BlackTeam "Barbican 4NCL Youth"]

1. d4 d5 2. Nf3 Nf6 3. c4 c6 4. e3 Bf5 5. Qb3 Qb6 6. c5 Qxb3 7. axb3 h6 8. b4
g5 9. b5 Bg7 10. Nc3 O-O 11. Be2 cxb5 12. Bxb5 Nc6 13. Bxc6 bxc6 14. Ne5 Rfc8
15. Ra6 Bd7 16. Ke2 Be8 17. Bd2 Nh7 18. Rha1 f6 19. Nd3 Rc7 20. Nd1 Rb7 21. Nb4
Rc7 22. Nd3 Rb7 23. R1a4 e5 24. Rb4 Rc7 25. Bc3 1/2-1/2

[Event "4NCL Division 2b"]
[Site "Hinckley Island ENG"]
[Date "2013.11.17"]
[Round "2.86"]
[White "Brett, Andrew R"]
[Black "Richmond, Jane"]
[Result "1/2-1/2"]
[WhiteElo "2142"]
[BlackElo "2093"]
[PlyCount "119"]
[EventDate "2013.11.17"]
[WhiteTeam "Barbican 4NCL Youth"]
[BlackTeam "Brown Jack"]

1. d4 e6 2. c4 Nf6 3. Nc3 Bb4 4. e3 O-O 5. Nge2 b6 6. a3 Bxc3+ 7. Nxc3 d5 8.
cxd5 exd5 9. Bd3 Bb7 10. O-O Nbd7 11. b4 Ne4 12. Ne2 Ndf6 13. f3 Nd6 14. Ng3
Qd7 15. Qc2 Rfe8 16. Nf5 Nxf5 17. Bxf5 Qc6 18. Qxc6 Bxc6 19. a4 b5 20. Bd3 a6
21. Bd2 bxa4 22. Rfe1 Re6 23. Kf2 Bb5 24. Bb1 Rae8 25. Ba2 Rc6 26. Rac1 Rxc1
27. Rxc1 c6 28. Bb1 Kf8 29. g4 Rd8 30. Rc3 Ke7 31. h4 h6 32. Bc2 Ne8 33. Bc1
Nd6 34. Ra3 Nc4 35. Ra1 Nb6 36. h5 Rd6 37. e4 dxe4 38. fxe4 Rf6+ 39. Kg3 Rf1
40. g5 Kd7 41. gxh6 gxh6 42. Rb1 Be2 43. Bxh6 Rxb1 44. Bxb1 Bxh5 45. Ba2 Nc8
46. Kf2 Nd6 47. Ke3 Bg6 48. d5 Bxe4 49. dxc6+ Kxc6 50. Bg7 Bd5 51. Bb1 Be6 52.
Kd4 Nf5+ 53. Bxf5 Bxf5 54. Kc4 Be6+ 55. Kd4 Kb5 56. Kc3 a3 57. Kc2 Kxb4 58. Kb1
Kb3 59. Bf6 a5 60. Ka1 1/2-1/2

[Event "4NCL Division 2b"]
[Site "Hinckley Island ENG"]
[Date "2013.11.17"]
[Round "2.87"]
[White "Hackett, Dave G"]
[Black "Stewart, Ashley"]
[Result "1/2-1/2"]
[WhiteElo "2117"]
[BlackElo "2031"]
[PlyCount "100"]
[EventDate "2013.11.17"]
[WhiteTeam "Brown Jack"]
[BlackTeam "Barbican 4NCL Youth"]

1. e4 c5 2. Nc3 g6 3. g3 Bg7 4. Bg2 Nc6 5. d3 d6 6. f4 e5 7. Nh3 Nge7 8. O-O
Nd4 9. f5 gxf5 10. exf5 Bxf5 11. Ng5 Bg6 12. Nd5 Nxd5 13. Bxd5 O-O 14. h4 Qd7
15. g4 h6 16. h5 hxg5 17. hxg6 Ne6 18. gxf7+ Rxf7 19. Rxf7 Qxf7 20. Qf1 Qxf1+
21. Kxf1 Re8 22. Bxg5 Kf8 23. Be3 Nf4 24. Bc4 Bh6 25. Kf2 Kg7 26. Kf3 Bg5 27.
Ke4 Rd8 28. Kf5 Be7 29. Bxf4 exf4 30. Kxf4 d5 31. Bb3 b5 32. c3 Bd6+ 33. Kf5 c4
34. dxc4 bxc4 35. Ba4 Bf8 36. Rd1 Rd6 37. g5 Ra6 38. b3 Ra5 39. Ke6 Ra6+ 40.
Ke5 cxb3 41. axb3 Rg6 42. Rxd5 Rxg5+ 43. Ke6 Rxd5 44. Kxd5 Kf7 45. Kc6 Bg7 46.
c4 Ke7 47. Kc7 Be5+ 48. Kb7 Kd6 49. b4 Bd4 50. Bd1 Bg1 1/2-1/2